| 000 | 00478nam a2200181Ia 4500 | ||
|---|---|---|---|
| 001 | 20913 | ||
| 005 | 20260306172840.0 | ||
| 008 | 260306t2019||||xx |||||||||||||| ||spa|| | ||
| 041 | _aESP | ||
| 082 |
_a343.8 _bS45 |
||
| 100 |
_aSevillano Chávez, Sandra _eAUT |
||
| 245 | 0 |
_aLecciones de derecho tributario: _bprincipios generales y código tributario |
|
| 260 | _c2019 | ||
| 300 |
_a325 páginas : _c20 cm. |
||
| 650 | _aGEN | ||
| 654 | _aCCO | ||
| 942 |
_cLIB _dJUS _fJUS _2ddc _n |
||
| 999 |
_c20913 _d20913 |
||